书目信息 |
| 题名: |
孟德斯鸠传
|
|
| 作者: | 德格拉夫 著 ;许明龙 , 赵克非 译 | |
| 分册: | ||
| 出版信息: | 杭州 浙江大学出版社 2016 |
|
| 页数: | 465页 | |
| 开本: | 23cm | |
| 丛书名: | ||
| 单 册: | ||
| 中图分类: | B565.24 | |
| 科图分类: | ||
| 主题词: | ||
| 电子资源: | ||
| ISBN: | 978-7-308-15567-0 | |
| 000 | 01218nam0 22002891 450 | |
| 001 | 387706 | |
| 005 | 20170502165523.0 | |
| 010 | @a978-7-308-15567-0@b精装@dCNY75.00 | |
| 100 | @a20160520d2016 em y0chiy50 ea | |
| 101 | 1 | @achi@ceng |
| 102 | @aCN@b330000 | |
| 105 | @ay z 000yb | |
| 106 | @ar | |
| 200 | 1 | @a孟德斯鸠传@9meng de si jiu chuan@dMontesquieu@f(法)路易·戴格拉夫著@g许明龙,赵克非译@ceng |
| 210 | @a杭州@c浙江大学出版社@d2016 | |
| 215 | @a465页@d23cm | |
| 300 | @a启真·思想家 | |
| 312 | @a封面英文题名:Montesquieu | |
| 330 | @a孟德斯鸠是18世纪法国著名的启蒙思想家,西方现代国家学说和法学理论的奠基人。他的法制思想、三权分立思想、君主立宪思想等对后来的哲学家如康德、黑格尔等都产生过不同程度的影响,是人类思想史上非常重要的一位哲人。本书孟德斯鸠的传记,详细记述了他一生的事迹及其思想。 | |
| 510 | 1 | @aMontesquieu@zeng |
| 600 | 0 | @a孟德斯鸠@Ameng de si jiu@c(Montesquieu, Charles Louis de Secondat@f1689-1775)@x传记 |
| 690 | @aB565.24@v5 | |
| 701 | 0 | @c(法)@a德格拉夫@9de ge la fu@c(Desgraves, Louis@f1921~1999)@4著 |
| 702 | 0 | @a许明龙@9xu ming long@f(1936~)@4译 |
| 702 | 0 | @a赵克非@9zhao ke fei@f(1934~)@4译 |
| 801 | 0 | @aCN@b百万庄@c20170308 |
| 905 | @b1003492-7@dB565.24@e66@f6 | |
| 孟德斯鸠传=Montesquieu/(法)路易·戴格拉夫著/许明龙,赵克非译.eng.-杭州:浙江大学出版社,2016 |
| 465页;23cm |
| 启真·思想家 |
| ISBN 978-7-308-15567-0(精装):CNY75.00 |
| 孟德斯鸠是18世纪法国著名的启蒙思想家,西方现代国家学说和法学理论的奠基人。他的法制思想、三权分立思想、君主立宪思想等对后来的哲学家如康德、黑格尔等都产生过不同程度的影响,是人类思想史上非常重要的一位哲人。本书孟德斯鸠的传记,详细记述了他一生的事迹及其思想。 |
| ● |
| 相关链接 |
|
|
|
|
正题名:孟德斯鸠传
索取号:B565.24/66
 
预约/预借
| 序号 | 登录号 | 条形码 | 馆藏地/架位号 | 状态 | 备注 |
| 1 | 1003492 | 210034924 | 第一样本阅览室/ [索取号:B565.24/66] | 在馆 | |
| 2 | 1003493 | 210034933 | 教育系资料室/ [索取号:B565.24/66] | 在馆 | |
| 3 | 1003494 | 210034942 | 教育系资料室/ [索取号:B565.24/66] | 在馆 | |
| 4 | 1003495 | 210034951 | 教育系资料室/ [索取号:B565.24/66] | 在馆 | |
| 5 | 1003496 | 210034960 | 第一借阅区/ [索取号:B565.24/66] | 在馆 | |
| 6 | 1003497 | 210034979 | 第一借阅区/ [索取号:B565.24/66] | 在馆 |